Sports Quiz

Random Sports or Football Quiz
Score 0/25 Timer 05:00
0 Plays Today
School - Years Player % Correct
Texas - 1995-98Ricky Williams
98.1%
Memphis - 2002-05DeAngelo Williams
97.2%
Wisconsin - 1996-99Ron Dayne
92%
TCU - 1997-2000LaDainian Tomlinson
88.3%
Georgia - 1980-82Herschel Walker
85.4%
Pittsburgh - 1973-76Tony Dorsett
80.8%
Oregon - 2009-11LaMichael James
78.9%
Rutgers - 2005-07Ray Rice
76.5%
Ohio State - 1972-75Archie Griffin
70.9%
Texas - 2001-04Cedric Benson
69%
Kansas State - 2001-04Darren Sproles
57.3%
Southern California - 1976-79Charles White
56.8%
Michigan - 2004-07Mike Hart
54.5%
School - Years Player % Correct
South Carolina - 1977-80George Rogers
49.3%
Northern Illinois - 2004-06Garrett Wolfe
39.4%
Northern Illinois - 2000-03Michael Turner
37.6%
Indiana - 1986-89Anthony Thompson
30.5%
Miami (OH) - 1996-99Travis Prentice
25.8%
Temple - 1983-86Paul Palmer
19.7%
Texas A&M - 1987-90Darren Lewis
13.6%
West Virginia - 1999-2002Avon Cobourne
6.1%
Rice - 1989-92Trevor Cobb
4.7%
Southern Miss - 2006-09Damion Fletcher
4.2%
New Mexico - 2002-05DonTrell Moore
4.2%
Colorado State - 1983-86Steve Bartalo
0.5%

You're not logged in!

Compare scores with friends on all Sporcle quizzes.
OR
Log In

Sporcle TV

Today on Sporcle TV


Watch our educational content, quiz creation guides, and fun videos on Sporcle TV.

Show Comments

Extras

Top Quizzes Today


Score Distribution

Paid Content

Your Account Isn't Verified!

In order to create a playlist on Sporcle, you need to verify the email address you used during registration. Go to your Sporcle Settings to finish the process.

Report this User

Report this user for behavior that violates our Community Guidelines.

Details: